Normal view
MARC view
- Apocalipsis-Misión de la Iglesia
Entry TÍTULO UNIFORME
001 - NUMERO DE CONTROL DEL REGISTRO
- Campo de control: 318576
003 - IDENTIFICADOR DEL NUMERO DE CONTROL
- Campo de control: ES-SlBCS
005 - FECHA Y HORA DE LA ULTIMA TRANSACCION
- Campo de control: 20210327230243.0
008 - ELEMENTOS DE LONGITUD FIJA
- Campo de control de longitud fija: 210327|| aca||aabn | a|a d
040 ## - FUENTE DE LA CATALOGACION
- Agencia que crea de manera original el registro: ES-SlBCS
- Agencia que realiza la transcripción: ES-SlBCS
130 ## - ENCABEZAMIENTO - TITULO UNIFORME
- Título uniforme: Apocalipsis-Misión de la Iglesia
670 ## - FUENTE EN LA QUE SE LOCALIZARON DATOS
- Cita de la fuente: Work cat.: (ES-SlBCS)733832: Poucouta, Paul 56829, La misión de la Iglesia en el Apocalipsis
